000 01570cam a22003011i 4500
003 SA-RiAUC
005 20260316124910.0
008 260225s1903____ua g 000r0 ara c
040 _aSA-RiKAPL
_bara
_cSA-RiAUC
_erda
082 0 4 _a415.1
_qSA-RiAUC
090 _aم ن 415.1
_bس ج ا
100 1 _aالسجاعي، أحمد بن أحمد بن محمد،
_dتوفي 1197 هجري
_eمؤلف.
245 1 0 _aحاشية العلامة السجاعي على شرح القطر لابن هشام. وبالهامش الشرح المذكور. معه، بعض تقريرات للشيخ محمد الأنبابي.
264 1 _a[مكان النشر غير محدد] :
_b[الناشر غير محدد]،
_c[1903]
264 3 _aالقاهرة :
_bالمطبعة الميمنة
300 _a114 صفحة ؛
_c29 سم
336 _aنص
_btxt
_2rdacontent
_3كتاب
337 _aبدون وسيط
_bn
_2rdamedia
338 _aمجلد
_bnc
_2rdacarrier
650 7 _aاللغة العربية
_xنحو
_2aucsh
700 1 2 _aالأنبابي، محمد بن محمد بن حسين،
_d1313-1240 هجرى
700 1 2 _aابن هشام، عبد الله بن يوسف بن أحمد،
_d708-761 هجري.
_tشرح قطر الندى وبل الصدى.
700 1 2 _aابن هشام، عبد الله بن يوسف بن أحمد،
_d708-761 هجري.
_tقطر الندى وبل الصدى.
740 0 2 _aشرح قطر الندى وبل الصدى.
740 0 2 _aقطر الندى وبل الصدى.
942 _2ddc
_cRBOOK COPY
_n0
949 _aSA-JeALM
_d260225
_umohamedma123
_n1
999 _c14632
_d14632